Tilastot visalle Suosituimmat tyttöjen etunimet 2022

Klikkaa tästä pelataksesi tätä visaa!

Yleistilastot

  • Tätä visaa on pelattu 278 kertaa
  • Keskiarvotulos 31 / 50

Vastaustilastot

MääräNimi% Oikein
256Aino
87%
188Ella
87%
276Olivia
86%
248Aada
84%
199Emma
82%
212Sofia
80%
156Elli
78%
124Oona
75%
219Venla
75%
227Helmi
73%
108Vilma
72%
156Emilia
71%
148Enni
71%
133Elsa
70%
232Isla
69%
98Viivi
69%
191Kerttu
68%
210Ellen
67%
209Aava
66%
131Alisa
66%
128Alma
65%
235Eevi
65%
95Nella
65%
87Siiri
65%
100Amanda
63%
238Lilja
63%
194Linnea
63%
101Lumi
63%
193Pihla
63%
200Hilla
62%
118Alina
61%
121Ilona
61%
136Seela
61%
119Mila
59%
111Minea
58%
191Viola
58%
134Hilda
56%
134Hilma
54%
113Matilda
52%
100Selma
51%
89Saimi
47%
114Elsi
46%
101Hertta
45%
93Bea
41%
102Aurora
40%
115Frida
39%
89Vivian
39%
132Livia
36%
83Stella
34%
105Mette
31%

Tulosjakauma

Persentiili vastausten määrän mukaan

Jokaisen tuloksen saaneiden osuus

Tuloshistoriasi

Et ole pelannut tätä visaa